Některé otevřené problémy ekonomické transformace ČSFR.

Pozitívne a negatívne výsledky prvého roka ekonomickej reformy v ČSFR. Prehľad kľúčových miest ďalšieho vývoja: privatizácia ako základná systémová zmena, obmena a motivácia manažmentu, prepúšťanie pracovných síl a vznikajúci súkromný sektor. Nutnosť podpory súkromného podnikania a reorganizácie úlo...

ver descrição completa

Na minha lista:
Detalhes bibliográficos
Autor principal: Mládek, J.
Formato: Capítulo de Livro
Idioma:tcheco
Assuntos:
Tags: Adicionar Tag
Sem tags, seja o primeiro a adicionar uma tag!

MARC

LEADER 00000naa a2200000 4500
001 r009057
005 20220831085228.4
041 0 |a cze 
044 |a [CS] 
245 1 0 |a Některé otevřené problémy ekonomické transformace ČSFR.  |c J. Mládek 
520 |a Pozitívne a negatívne výsledky prvého roka ekonomickej reformy v ČSFR. Prehľad kľúčových miest ďalšieho vývoja: privatizácia ako základná systémová zmena, obmena a motivácia manažmentu, prepúšťanie pracovných síl a vznikajúci súkromný sektor. Nutnosť podpory súkromného podnikania a reorganizácie úlohy štátu pri podnikoch, ktoré zostanú štátne. 
610 2 0 |a transformácia 
610 2 0 |a ČSFR 
610 2 0 |a reformy hospodárske 
610 2 0 |a privatizácia 
610 2 0 |a motivácia 
610 2 0 |a manažment 
610 2 0 |a sektor súkromný 
610 2 0 |a prepúšťanie pracovníkov 
610 2 0 |a reorganizácia 
610 2 0 |a štát 
610 2 0 |a podnik 
100 1 |a Mládek, J.